| 000 | 00626nas a2200205 a 4500 | ||
|---|---|---|---|
| 022 | _a0961-4524 | ||
| 040 | _cMH | ||
| 082 | 1 | 0 | _a338 OUL 1991 C148 Or. |
| 245 | 0 | 0 | _aDevelopment in practice. |
| 260 |
_aOxford : _bOxfam UK and Ireland, _cc1991- |
||
| 300 |
_av. ; _c24 cm. |
||
| 500 | _aTitle from cover. | ||
| 500 | _aLatest issue consulted: Vol. 3, no. 3 (Oct. 1993) | ||
| 650 | 0 | _aTechnical assistance | |
| 650 | 0 | _aEconomic assistance | |
| 710 | 2 | _aOxfam. | |
| 710 | 2 | _aJSTOR (Organization) | |
| 856 | 4 | 0 | _uhttp://TK3YL7ST4M.search.serialssolutions.com/?V=1.0&L=TK3YL7ST4M&S=JCs&C=DEVEINPRA&T=marc |
| 942 | _cAEDBB | ||
| 999 |
_c18597 _d18597 |
||